PHARMACY PRACTICE (Record no. 50726)

000 -LEADER
fixed length control field 00328nam a2200145Ia 4500
008 - FIXED-LENGTH DATA ELEMENTS--GENERAL INFORMATION
fixed length control field 260311s9999 xx 000 0 und d
020 ## - INTERNATIONAL STANDARD BOOK NUMBER
International Standard Book Number 9789381714805
082 ## - DEWEY DECIMAL CLASSIFICATION NUMBER
Classification number 615.5
100 ## - MAIN ENTRY--PERSONAL NAME
Personal name BALLINGTON DON A
245 #0 - TITLE STATEMENT
Title PHARMACY PRACTICE
250 ## - EDITION STATEMENT
Edition statement FIFTH
260 ## - PUBLICATION, DISTRIBUTION, ETC.
Place of publication, distribution, etc. DJ BOOKS
Name of publisher, distributor, etc. MEDTECH
Date of publication, distribution, etc. 2026
300 ## - PHYSICAL DESCRIPTION
Extent 642
942 ## - ADDED ENTRY ELEMENTS (KOHA)
Koha item type Book
Holdings
Withdrawn status Lost status Damaged status Not for loan Collection code Permanent Location Current Location Shelving location Date acquired Cost, normal purchase price Full call number Barcode Date last seen Price effective from Koha item type
        School of Pharmacy Lucknow Maharishi School of Pharmaceutical Science (Lucknow) Maharishi School of Pharmaceutical Science (Lucknow) R12S2 2026-03-11 1495.00 615.5 SOPH4872 2026-03-11 2026-03-11 Book
        School of Pharmacy Lucknow Maharishi School of Pharmaceutical Science (Lucknow) Maharishi School of Pharmaceutical Science (Lucknow) R12S2 2026-03-11 1495.00 615.5 SOPH4873 2026-03-11 2026-03-11 Book
        School of Pharmacy Lucknow Maharishi School of Pharmaceutical Science (Lucknow) Maharishi School of Pharmaceutical Science (Lucknow) R12S2 2026-03-11 1495.00 615.5 SOPH4874 2026-03-11 2026-03-11 Book
        School of Pharmacy Lucknow Maharishi School of Pharmaceutical Science (Lucknow) Maharishi School of Pharmaceutical Science (Lucknow) R12S2 2026-03-11 1495.00 615.5 SOPH4875 2026-03-11 2026-03-11 Book
        School of Pharmacy Lucknow Maharishi School of Pharmaceutical Science (Lucknow) Maharishi School of Pharmaceutical Science (Lucknow) R12S2 2026-03-11 1495.00 615.5 SOPH4876 2026-03-11 2026-03-11 Book

All Rights Reserved@MUIT

Powered by Koha